000 00283nam a2200109Ia 4500
008 190216s9999||||xx |||||||||||||| ||und||
100 _aRobert N Antony & James S Reece
245 0 _aManagement Accounting
260 _bDb.Taraporevala Sons &co
_c1977
300 _a830p
942 _cBK
999 _c4060
_d4060